[Event "Global Chess League 2023"]
[Site "Dubai UAE"]
[Date "2023.06.25"]
[Round "5.6"]
[White "Sadhwani, Raunak"]
[Black "Nihal, Sarin"]
[Result "0-1"]
[WhiteTitle "GM"]
[BlackTitle "GM"]
[WhiteElo "2603"]
[BlackElo "2681"]
[WhiteTeam "Balan Alaskan knights"]
[BlackTeam "Chingari Gulf Titans"]
[WhiteFideId "35093487"]
[BlackFideId "25092340"]
[EventDate "2023.06.22"]

1. e4 e5 2. Nf3 Nc6 3. Bc4 Bc5 4. d3 Nf6 5. c3 O-O 6. Bg5 h6 7. Bh4 Be7 8. Bg3
d6 9. a4 Re8 10. a5 Bf8 11. Qb3 Qe7 12. Nbd2 Rb8 13. O-O Be6 14. Rfe1 Bxc4 15.
Qxc4 a6 16. d4 Qd7 17. dxe5 Nxe5 18. Bxe5 dxe5 19. Qe2 Re6 20. Nc4 Qb5 21. Rab1
Rbe8 22. g3 g6 23. b3 Kg7 24. Qc2 Qc6 25. Rbd1 b5 26. axb6 cxb6 27. Re2 b5 28.
Na5 Qc7 29. b4 Rc8 30. Rc1 Nd7 31. Qb3 Nc5 32. Qb1 Nb7 33. Nxb7 Qxb7 34. Rd2 Rc4
35. Rd5 Qc7 36. Rcd1 Rxc3 37. Kg2 Qc4 38. Rxe5 Rxf3 39. Rxe6 Qe2 40. Rxg6+ Kxg6
41. e5+ Kg7 42. Rf1 Rd3 43. e6 Qe4+ 44. Kg1 fxe6 45. Qa1+ Kf7 46. Qxa6 Qxb4 47.
Rc1 Be7 48. Qa8 Qd4 49. Re1 Qd5 50. Qa1 b4 0-1

[Event "Global Chess League 2023"]
[Site "Dubai UAE"]
[Date "2023.06.25"]
[Round "5.2"]
[White "Rapport, Richard"]
[Black "Yu, Yangyi"]
[Result "1/2-1/2"]
[WhiteTitle "GM"]
[BlackTitle "GM"]
[WhiteElo "2752"]
[BlackElo "2734"]
[WhiteTeam "Ganges grandmasters"]
[BlackTeam "Triveni Continental Kings"]
[WhiteFideId "738590"]
[BlackFideId "8603820"]
[EventDate "2023.06.22"]

1. Nf3 d5 2. g3 c6 3. Bg2 Bg4 4. c4 e6 5. O-O Nf6 6. d3 dxc4 7. dxc4 Qxd1 8.
Rxd1 Nbd7 9. Bf4 h6 10. Nbd2 a5 11. h3 Bh5 12. g4 Bg6 13. Rac1 a4 14. Ne5 Nxe5
15. Bxe5 Bc5 16. Nb1 Ke7 17. a3 Rhd8 18. Rxd8 Kxd8 19. Nc3 Ke7 20. Kf1 Ra5 21.
Bc7 Ra8 22. Be5 Ra5 23. Bc7 Ra6 24. Be5 Ra5 25. Bc7 Ra8 26. Be5 Ra5 1/2-1/2

[Event "Global Chess League 2023"]
[Site "Dubai UAE"]
[Date "2023.06.25"]
[Round "5.4"]
[White "Hou, Yifan"]
[Black "Lagno, Kateryna"]
[Result "1-0"]
[WhiteTitle "GM"]
[BlackTitle "GM"]
[WhiteElo "2628"]
[BlackElo "2552"]
[WhiteTeam "Ganges grandmasters"]
[BlackTeam "Triveni Continental Kings"]
[WhiteFideId "8602980"]
[BlackFideId "14109336"]
[EventDate "2023.06.22"]

1. e4 e5 2. Nf3 Nc6 3. Bc4 Bc5 4. d3 Nf6 5. O-O a6 6. a4 d6 7. c3 Ba7 8. Re1 h6
9. b4 g5 10. Be3 g4 11. Nfd2 h5 12. Bxa7 Rxa7 13. Nf1 Ne7 14. Qb3 Rh7 15. Nbd2
Kf8 16. b5 Ra8 17. bxa6 bxa6 18. Rab1 h4 19. Qd1 Ng6 20. Ne3 c6 21. d4 d5 22.
exd5 cxd5 23. dxe5 Nxe5 24. Nxd5 Nxc4 25. Nxf6 Qxf6 26. Nxc4 Be6 27. Ne5 Rd8 28.
Qe2 g3 29. fxg3 hxg3 30. hxg3 Qg5 31. Qe3 Qh5 32. Nf3 Qg4 33. Qc5+ Kg8 34. Qg5+
Qxg5 35. Nxg5 Rg7 36. Nxe6 fxe6 37. Rxe6 Rxg3 38. Kh2 Rg4 39. Rxa6 Rd2 40. Rb8+ 1-0

[Event "Global Chess League 2023"]
[Site "Dubai UAE"]
[Date "2023.06.25"]
[Round "5.5"]
[White "Khotenashvili, Bella"]
[Black "Dzagnidze, Nana"]
[Result "1-0"]
[WhiteTitle "GM"]
[BlackTitle "GM"]
[WhiteElo "2470"]
[BlackElo "2510"]
[WhiteTeam "Ganges grandmasters"]
[BlackTeam "Triveni Continental Kings"]
[WhiteFideId "13602640"]
[BlackFideId "13601903"]
[EventDate "2023.06.22"]

1. Nf3 Nf6 2. g3 d5 3. Bg2 Bf5 4. O-O e6 5. d3 h6 6. c4 Nbd7 7. cxd5 exd5 8. Nc3
c6 9. e4 dxe4 10. dxe4 Be6 11. e5 Nd5 12. Nd4 Nxc3 13. bxc3 Nc5 14. Ba3 Qd7 15.
Qe2 Na4 16. Nxe6 Qxe6 17. Bxf8 Rxf8 18. Qc2 Nc5 19. Rad1 Rd8 20. Rd4 Ke7 21. f4
g6 22. Rfd1 Qg4 23. Qc1 Qe2 24. Bf1 Qxa2 25. Bc4 Qa5 26. Qe3 Ne6 27. Bxe6 Kxe6
28. f5+ Ke7 29. f6+ Ke6 30. Rd6+ 1-0

[Event "Global Chess League 2023"]
[Site "Dubai UAE"]
[Date "2023.06.25"]
[Round "5.6"]
[White "Esipenko, Andrey"]
[Black "Bjerre, Jonas Buhl"]
[Result "1/2-1/2"]
[WhiteTitle "GM"]
[BlackTitle "GM"]
[WhiteElo "2682"]
[BlackElo "2624"]
[WhiteTeam "Ganges grandmasters"]
[BlackTeam "Triveni Continental Kings"]
[WhiteFideId "24175439"]
[BlackFideId "1444948"]
[EventDate "2023.06.22"]

1. e4 c5 2. Nf3 d6 3. Bb5+ Nd7 4. O-O a6 5. Bxd7+ Bxd7 6. c3 Nf6 7. Re1 e6 8. d4
cxd4 9. cxd4 d5 10. exd5 Nxd5 11. Nc3 Nxc3 12. bxc3 Be7 13. Ne5 O-O 14. Qg4 Bf6
15. Bf4 Ba4 16. Rac1 Rc8 17. h4 Kh8 18. Bg5 Bxg5 19. hxg5 f6 20. gxf6 Qxf6 21.
Qg3 Bc6 22. Re3 Qf4 23. Qxf4 Rxf4 24. Nxc6 Rxc6 25. d5 Rc8 26. dxe6 Re8 27. Rb1
Re7 28. Rd3 h5 29. Rd7 Rxe6 30. Rbxb7 Re1+ 31. Kh2 Rh4+ 32. Kg3 Rg4+ 33. Kf3 Re5
34. g3 Ra5 35. Rbc7 Rxa2 36. Rd5 Kg8 37. Rxh5 Rg6 38. Rf5 a5 39. Ra7 Rc2 40.
Raxa5 Rxc3+ 41. Kf4 Rc4+ 42. Kf3 Rc3+ 43. Kg2 Rc7 44. Ra8+ Kh7 45. Raf8 Rgc6 46.
Rh5+ Kg6 47. Rd5 Rf6 48. Rfd8 Rc2 49. Rd2 Rxd2 50. Rxd2 Ra6 51. Kh3 Kf6 52. Rd4
g6 53. Kg4 Ra5 54. f4 Rb5 55. Rd6+ Kf7 56. Kh4 Rh5+ 57. Kg4 Ra5 58. Rb6 Rc5 59.
Rb3 Kf6 60. Re3 Ra5 61. Rc3 Rb5 62. Rc7 Ra5 63. Rh7 Ra1 64. Rh6 Ra5 65. Rh2 1/2-1/2

[Event "Global Chess League 2023"]
[Site "Dubai UAE"]
[Date "2023.06.26"]
[Round "6.1"]
[White "Nepomniachtchi, Ian"]
[Black "Carlsen, Magnus"]
[Result "0-1"]
[WhiteTitle "GM"]
[BlackTitle "GM"]
[WhiteElo "2779"]
[BlackElo "2853"]
[WhiteTeam "Balan Alaskan knights"]
[BlackTeam "SG Alpine Warriors"]
[WhiteFideId "4168119"]
[BlackFideId "1503014"]
[EventDate "2023.06.22"]

1. e4 c5 2. c3 e5 3. Nf3 Nc6 4. Bc4 Nf6 5. Ng5 d5 6. exd5 Nxd5 7. d4 cxd4 8. Qb3
Be6 9. Nxe6 fxe6 10. Qxb7 Rc8 11. O-O Qd7 12. Qb5 Be7 13. Bb3 O-O 14. Qd3 Na5
15. Bd1 Rfd8 16. Bf3 dxc3 17. Nxc3 Nxc3 18. Qxd7 Rxd7 19. bxc3 Rxc3 20. Bb2 Rc5
21. Rad1 Rxd1 22. Rxd1 Nc4 23. Bc3 e4 24. Bd4 Ra5 25. Bxe4 Rxa2 26. g3 Nd2 27.
Bc6 a5 28. Kg2 Kf7 29. Bc3 Nc4 30. Rd7 Ne3+ 31. Kf3 Ra3 32. Bb2 Rb3 33. fxe3
Rxb2 34. Ra7 Rxh2 35. Rxa5 h5 36. Ra6 Bd6 37. Bb5 Ke7 38. Bc4 g5 39. e4 Rc2 40.
Ba2 Rc5 41. Ke3 h4 42. gxh4 gxh4 43. Ra7+ Kf6 44. Rh7 h3 45. Kd4 Rc2 46. Bxe6
Be5+ 47. Kd5 Rd2+ 48. Kc6 h2 49. Bg4 Rf2 50. Rh3 Kg5 51. Bf3 Rxf3 52. Rxf3 h1=Q
53. Rf5+ Kg4 54. Rxe5 Kf4 55. Re6 Qd1 56. Kc7 Qd4 57. Re7 Ke3 58. Re6 Qg7+ 59.
Kd6 Qf8+ 60. Kd5 Qa8+ 61. Kc5 Qd8 62. Kc6 Qa5 63. Kd6 Kd4 64. Ke7 Qc7+ 65. Kf6
Qf4+ 66. Ke7 Kc5 67. Kd7 Qf7+ 68. Re7 Qf6 69. Re6 Qd4+ 70. Ke7 Qg7+ 71. Ke8 Qh7
72. Re7 Qg6+ 73. Kf8 Kc6 74. e5 Kd5 75. e6 Ke5 76. Rg7 Qf6+ 77. Rf7 Qd8+ 78. Kg7
Kxe6 79. Rf1 Qg5+ 80. Kf8 Qb5 81. Rf7 Qh5 82. Re7+ Kf6 0-1

[Event "Global Chess League 2023"]
[Site "Dubai UAE"]
[Date "2023.06.26"]
[Round "6.5"]
[White "Batsiashvili, Nino"]
[Black "Paehtz, Elisabeth"]
[Result "1-0"]
[WhiteTitle "GM"]
[BlackTitle "GM"]
[WhiteElo "2470"]
[BlackElo "2477"]
[WhiteTeam "Balan Alaskan knights"]
[BlackTeam "SG Alpine Warriors"]
[WhiteFideId "13602993"]
[BlackFideId "4641833"]
[EventDate "2023.06.22"]

1. d4 e6 2. c4 Bb4+ 3. Bd2 a5 4. e4 d5 5. cxd5 exd5 6. e5 c5 7. f4 cxd4 8. Nf3
Nc6 9. Bd3 Nge7 10. a3 Bxd2+ 11. Nbxd2 Nf5 12. Qe2 Qb6 13. O-O Ne3 14. Rfe1 Bf5
15. Bxf5 Nxf5 16. Qd3 g6 17. e6 O-O 18. exf7+ Rxf7 19. Ng5 Rf6 20. Ndf3 h6 21.
Ne5 hxg5 22. Nd7 Qd8 23. Re8+ Qxe8 24. Nxf6+ Kg7 25. Nxe8+ Rxe8 26. fxg5 Nd6 27.
Rf1 Re3 28. Qd1 Nf5 29. Qc2 d3 30. Qc5 Ncd4 31. g4 Ne6 32. Qxd5 Nfd4 33. Qd7+
Kh8 34. Qe8+ Kh7 35. Rf7+ 1-0

[Event "Global Chess League 2023"]
[Site "Dubai UAE"]
[Date "2023.06.26"]
[Round "6.6"]
[White "Sadhwani, Raunak"]
[Black "Praggnanandhaa, R"]
[Result "0-1"]
[WhiteTitle "GM"]
[BlackTitle "GM"]
[WhiteElo "2603"]
[BlackElo "2690"]
[WhiteTeam "Balan Alaskan knights"]
[BlackTeam "SG Alpine Warriors"]
[WhiteFideId "35093487"]
[BlackFideId "25059530"]
[EventDate "2023.06.22"]

1. d4 Nf6 2. Nc3 d5 3. Bf4 c5 4. e3 cxd4 5. exd4 a6 6. Nf3 Nc6 7. Ne5 Bd7 8. g3
e6 9. Bg2 Nxe5 10. dxe5 Ng8 11. O-O Ne7 12. Re1 Ng6 13. Be3 Qc7 14. h4 Bc5 15.
Bxc5 Qxc5 16. Qg4 Ne7 17. Rad1 Bc6 18. h5 h6 19. Rd2 O-O 20. a3 a5 21. Ne2 Bb5
22. Nd4 Nc6 23. Nf3 Ba6 24. c3 b5 25. Nd4 Nxd4 26. cxd4 Qc7 27. f4 b4 28. axb4
axb4 29. Qf3 Qe7 30. Qe3 Bc4 31. Bf3 Ra2 32. g4 Rfa8 33. g5 Ra1 34. Rg2 hxg5 35.
fxg5 Bd3 36. Kh2 Bf5 37. Rc1 Rxc1 38. Qxc1 Qa7 39. Qf4 Rc8 40. h6 g6 41. Bg4 Rc4
42. Rd2 Qc7 43. Bxf5 exf5 44. Kg3 Rc1 45. Rg2 Re1 46. Qd2 Re4 47. Kh2 Qc4 48. b3
Qxb3 49. e6 Rxe6 50. Qf4 Qe3 51. Qxe3 Rxe3 52. Ra2 Re4 53. Kh3 Rg4 54. Ra5 Rxg5
55. Rxd5 Rg4 56. Rd7 b3 0-1

[Event "Global Chess League 2023"]
[Site "Dubai UAE"]
[Date "2023.06.26"]
[Round "6.2"]
[White "Mamedyarov, Shakhriyar"]
[Black "Rapport, Richard"]
[Result "1/2-1/2"]
[WhiteTitle "GM"]
[BlackTitle "GM"]
[WhiteElo "2740"]
[BlackElo "2752"]
[WhiteTeam "Chingari Gulf Titans"]
[BlackTeam "Ganges grandmasters"]
[WhiteFideId "13401319"]
[BlackFideId "738590"]
[EventDate "2023.06.22"]

1. d4 d5 2. c4 dxc4 3. Nf3 Nf6 4. e3 e6 5. Bxc4 a6 6. O-O c5 7. b3 cxd4 8. Nxd4
Be7 9. Bb2 O-O 10. Be2 b5 11. a4 bxa4 12. Rxa4 Bb7 13. Rc4 Bd5 14. Rc1 Ra7 15.
Nc3 Ba8 16. Na4 Rc7 17. Rxc7 Qxc7 18. Qa1 Qb7 19. Bf3 Qa7 20. Bxa8 Qxa8 21. Rc1
Qb7 22. Ba3 Bxa3 23. Qxa3 Nbd7 24. Nc5 Nxc5 25. Qxc5 h6 26. Qc6 Rb8 27. h3 Qxc6
28. Rxc6 Ra8 29. Kf1 a5 30. Ke2 a4 31. bxa4 Rxa4 32. Rc8+ Kh7 33. Rc7 Kg8 34.
Rc8+ Kh7 35. Rc7 Kg8 36. Rc8+ 1/2-1/2

[Event "Global Chess League 2023"]
[Site "Dubai UAE"]
[Date "2023.06.26"]
[Round "6.4"]
[White "Kosteniuk, Alexandra"]
[Black "Hou, Yifan"]
[Result "1/2-1/2"]
[WhiteTitle "GM"]
[BlackTitle "GM"]
[WhiteElo "2523"]
[BlackElo "2628"]
[WhiteTeam "Chingari Gulf Titans"]
[BlackTeam "Ganges grandmasters"]
[WhiteFideId "4128125"]
[BlackFideId "8602980"]
[EventDate "2023.06.22"]

1. d4 e6 2. c4 Bb4+ 3. Nc3 b6 4. Qb3 a5 5. e4 Bb7 6. Qc2 Qh4 7. Bd3 f5 8. Nf3
Bxc3+ 9. bxc3 Qg4 10. Nd2 Qxg2 11. Rf1 fxe4 12. Bxe4 Bxe4 13. Nxe4 Qg6 14. Qe2
Nf6 15. Ng3 h5 16. h4 Qg4 17. Qd3 Nc6 18. Bg5 Ne7 19. Rg1 Rf8 20. f3 Qh3 21.
O-O-O Nf5 22. Ne2 Ne7 23. Bf4 Qf5 24. Bxc7 Qxd3 25. Rxd3 Rc8 26. Bxb6 Rxc4 27.
Bc5 Rf7 28. Kc2 a4 29. Rb1 Kd8 30. Ng3 Kc7 31. Nf1 Nfd5 32. Nd2 Rxc5 33. dxc5
Nf5 34. Nc4 Nxh4 35. Rb7+ Kxb7 36. Nd6+ Kc6 37. Nxf7 Kxc5 38. Ng5 Nf5 39. Ne4+
Kc6 40. Rd2 h4 41. Rh2 Nf4 42. c4 d5 43. cxd5+ exd5 44. Ng5 Kc5 45. Kd2 Kb4 46.
Nh3 Nxh3 47. Rxh3 Ka3 48. Kc3 d4+ 49. Kc4 Kxa2 50. Rh2+ Kb1 51. Kb4 Kc1 52. Kc4
Kd1 53. Kd3 Ke1 54. Ke4 g6 55. Ra2 Kf1 56. f4 Kg1 57. Kf3 Ne3 58. Ra1+ Nf1 59.
Ke2 d3+ 60. Kxd3 Kg2 61. Rxa4 h3 62. Ra6 h2 63. Rxg6+ Ng3 64. Rh6 1/2-1/2

[Event "Global Chess League 2023"]
[Site "Dubai UAE"]
[Date "2023.06.26"]
[Round "6.5"]
[White "Shuvalova, Polina"]
[Black "Khotenashvili, Bella"]
[Result "1-0"]
[WhiteTitle "IM"]
[BlackTitle "GM"]
[WhiteElo "2496"]
[BlackElo "2470"]
[WhiteTeam "Chingari Gulf Titans"]
[BlackTeam "Ganges grandmasters"]
[WhiteFideId "24171760"]
[BlackFideId "13602640"]
[EventDate "2023.06.22"]

1. e4 e5 2. Nf3 Nc6 3. Bb5 a6 4. Ba4 Nf6 5. O-O b5 6. Bb3 Be7 7. a4 b4 8. d4 d6
9. dxe5 dxe5 10. Qe2 O-O 11. Rd1 Qe8 12. h3 Bb7 13. Bg5 Nd7 14. Bxe7 Qxe7 15.
Bd5 Na5 16. Bxb7 Nxb7 17. Nbd2 Ndc5 18. a5 Nd6 19. Qe3 Nb5 20. Nc4 f6 21. Rd5
Ne6 22. Rad1 Rad8 23. Nh4 g6 24. Nf3 Rxd5 25. Rxd5 Rd8 26. Qd2 Nbd4 27. Nxd4
Nxd4 28. Ne3 c6 29. Rxd8+ Qxd8 30. Qxb4 Ne2+ 31. Kh2 h5 32. Qc4+ 1-0

[Event "Global Chess League 2023"]
[Site "Dubai UAE"]
[Date "2023.06.26"]
[Round "6.6"]
[White "Nihal, Sarin"]
[Black "Esipenko, Andrey"]
[Result "1/2-1/2"]
[WhiteTitle "GM"]
[BlackTitle "GM"]
[WhiteElo "2681"]
[BlackElo "2682"]
[WhiteTeam "Chingari Gulf Titans"]
[BlackTeam "Ganges grandmasters"]
[WhiteFideId "25092340"]
[BlackFideId "24175439"]
[EventDate "2023.06.22"]

1. e4 e5 2. f4 exf4 3. Nf3 d6 4. Bc4 h6 5. h4 Nf6 6. Nc3 c6 7. d4 d5 8. exd5
cxd5 9. Bb5+ Nc6 10. Bxf4 Bb4 11. O-O O-O 12. Bxc6 bxc6 13. Ne5 c5 14. a3 cxd4
15. axb4 dxc3 16. bxc3 Ne4 17. Qd4 Bb7 18. Rxa7 Rxa7 19. Qxa7 Nxc3 20. Rf2 Qc8
21. Kh2 Ne4 22. Rf3 d4 23. Qxd4 Qxc2 24. Qc4 Qb1 25. Rf1 Qb2 26. Nf3 Rc8 27. Qb5
Ba8 28. Qa6 Rf8 29. Qc4 Qa3 30. Qd4 Qa6 31. Ra1 Qg6 32. Be5 f6 33. Rxa8 Rxa8 34.
Qd5+ Kh7 35. Qxa8 fxe5 36. Qa1 Qg3+ 37. Kg1 Qf2+ 38. Kh2 Qg3+ 39. Kg1 Qf2+ 40.
Kh2 Qg3+ 1/2-1/2

[Event "Global Chess League 2023"]
[Site "Dubai UAE"]
[Date "2023.06.26"]
[Round "6.1"]
[White "Vachier-Lagrave, Maxime"]
[Black "Aronian, Levon"]
[Result "1/2-1/2"]
[WhiteTitle "GM"]
[BlackTitle "GM"]
[WhiteElo "2747"]
[BlackElo "2742"]
[WhiteTeam "Upgrad mumba masters"]
[BlackTeam "Triveni Continental Kings"]
[WhiteFideId "623539"]
[BlackFideId "13300474"]
[EventDate "2023.06.22"]

1. e4 e5 2. Nf3 Nc6 3. Bb5 Nf6 4. d3 Bc5 5. Bxc6 dxc6 6. Nbd2 Be6 7. O-O Bd6 8.
Nb3 b6 9. Ng5 Bg4 10. f3 Bh5 11. g4 Bg6 12. d4 Nd7 13. dxe5 Bxe5 14. f4 f6 15.
fxe5 fxg5 16. e6 Ne5 17. Qxd8+ Rxd8 18. Bxg5 Rd6 19. Bf4 Rxe6 20. Nd4 Re7 21. h3
O-O 22. Nf5 Re6 23. Rad1 h5 24. Bxe5 Rxe5 25. Rf4 hxg4 26. hxg4 Rfe8 27. Rd7
Bxf5 28. exf5 Re4 29. Rxe4 Rxe4 30. Rxc7 Rxg4+ 31. Kf2 Rf4+ 32. Kg3 Rxf5 33.
Rxa7 Rg5+ 34. Kf3 Rf5+ 35. Kg3 Rg5+ 36. Kf4 Rg2 37. Ra6 Rxc2 38. Rxb6 Kf7 39.
Ke5 g5 40. b4 g4 41. Kf4 Rxa2 42. Rxc6 1/2-1/2

[Event "Global Chess League 2023"]
[Site "Dubai UAE"]
[Date "2023.06.26"]
[Round "6.2"]
[White "Grischuk, Alexander"]
[Black "Yu, Yangyi"]
[Result "1/2-1/2"]
[WhiteTitle "GM"]
[BlackTitle "GM"]
[WhiteElo "2736"]
[BlackElo "2734"]
[WhiteTeam "Upgrad mumba masters"]
[BlackTeam "Triveni Continental Kings"]
[WhiteFideId "4126025"]
[BlackFideId "8603820"]
[EventDate "2023.06.22"]

1. c4 c6 2. Nf3 d5 3. d4 Nf6 4. Nc3 e6 5. Bg5 h6 6. Bh4 Be7 7. e3 O-O 8. Qc2
Nbd7 9. a3 a6 10. cxd5 cxd5 11. Bd3 b5 12. O-O Bb7 13. a4 b4 14. Nb1 a5 15. Qe2
Ne4 16. Bxe7 Qxe7 17. Nbd2 Rfc8 18. Nb3 Nd6 19. Rfc1 Rc6 20. Ne5 Nxe5 21. dxe5
Rxc1+ 22. Rxc1 Nc4 23. f4 Ba6 24. Nxa5 Nxa5 25. Bxa6 b3 26. Qd2 Qd8 27. Bb5 Nc4
28. Qd4 Qa5 29. h3 Nb6 30. Kh2 g6 31. Rc3 Nxa4 32. Rxb3 Kg7 33. Bc6 Ra6 34. Rb5
Qc7 35. Bxd5 exd5 36. e6+ Kh7 37. exf7 Qxf7 38. b3 Qa7 39. Qxa7+ Rxa7 40. bxa4
d4 41. a5 dxe3 42. Re5 e2 43. Rxe2 Rxa5 44. Re7+ Kg8 45. Kg3 g5 46. fxg5 Rxg5+
47. Kf3 Rf5+ 48. Kg3 Rg5+ 49. Kh2 Kf8 50. Rh7 Rg6 51. h4 Kg8 52. Ra7 Rg4 53. Kh3
Rb4 54. g3 Rc4 55. Kg2 Rc3 56. Kf2 Rb3 57. Re7 Ra3 58. Re3 Ra7 59. Kf3 Kg7 60.
Kf4 Kf6 61. Re4 Ra5 62. Rb4 Rf5+ 63. Ke3 Re5+ 64. Kf3 Ra5 65. Kg4 h5+ 66. Kf3
Ra6 67. Kf4 Kg6 68. Re4 Rf6+ 69. Ke3 1/2-1/2

[Event "Global Chess League 2023"]
[Site "Dubai UAE"]
[Date "2023.06.26"]
[Round "6.4"]
[White "Koneru, Humpy"]
[Black "Lagno, Kateryna"]
[Result "1/2-1/2"]
[WhiteTitle "GM"]
[BlackTitle "GM"]
[WhiteElo "2567"]
[BlackElo "2552"]
[WhiteTeam "Upgrad mumba masters"]
[BlackTeam "Triveni Continental Kings"]
[WhiteFideId "5008123"]
[BlackFideId "14109336"]
[EventDate "2023.06.22"]

1. d4 Nf6 2. c4 e6 3. Nf3 d5 4. Nc3 dxc4 5. e4 Bb4 6. Bg5 b5 7. a4 c5 8. axb5
cxd4 9. Bxf6 Qxf6 10. Qxd4 Qxd4 11. Nxd4 Bb7 12. Bxc4 Ke7 13. Ke2 Nd7 14. Nc6+
Bxc6 15. bxc6 Ne5 16. Bb5 a6 17. Rxa6 Rxa6 18. Bxa6 Nxc6 19. Rd1 Rb8 20. Rd2 g5
21. h3 h5 22. Kf1 Ne5 23. Be2 h4 24. g3 Ba5 25. Kg2 Rb3 26. Rc2 hxg3 27. fxg3
Kf6 28. Kf2 Bb6+ 29. Kg2 Bd4 30. Nd1 Rb4 31. Rd2 Nc6 32. Rc2 Ne5 33. Rd2 Nc6 34.
Rc2 1/2-1/2

[Event "Global Chess League 2023"]
[Site "Dubai UAE"]
[Date "2023.06.26"]
[Round "6.5"]
[White "Dronavalli, Harika"]
[Black "Khademalsharieh, Sarasadat"]
[Result "1-0"]
[WhiteTitle "GM"]
[BlackTitle "IM"]
[WhiteElo "2510"]
[BlackElo "2488"]
[WhiteTeam "Upgrad mumba masters"]
[BlackTeam "Triveni Continental Kings"]
[WhiteFideId "5015197"]
[BlackFideId "12512214"]
[EventDate "2023.06.22"]

1. c4 e6 2. g3 d5 3. Bg2 Nf6 4. Nf3 dxc4 5. Qa4+ Nbd7 6. Qxc4 c5 7. O-O Be7 8.
d4 O-O 9. dxc5 Bxc5 10. Nc3 a6 11. Bg5 Be7 12. Rfd1 h6 13. Bf4 Qa5 14. Bc7 Qb4
15. Qxb4 Bxb4 16. Rac1 Ra7 17. a3 Be7 18. Ne5 Nxe5 19. Bxe5 b5 20. Ne4 Nxe4 21.
Bxe4 Bf6 22. Bxf6 gxf6 23. f4 Bd7 24. Rd6 a5 25. Rcd1 Be8 26. Rb6 Rd7 27. Rxd7
Bxd7 28. Bd3 Rc8 29. Bxb5 Bxb5 30. Rxb5 Rc2 31. Kf2 a4 32. g4 Kg7 33. h3 Rc1 34.
Rb4 Rb1 35. f5 exf5 36. gxf5 h5 37. h4 Kh6 38. Ke3 Kg7 39. Kd2 Kf8 40. Kc2 Re1
41. Kd3 Rb1 42. Kc3 Rc1+ 43. Kd4 Rb1 44. Kc5 Re1 45. e4 Rh1 46. e5 fxe5 47. Kd5
Rh2 48. f6 Kg8 49. Kxe5 Rf2 50. Rxa4 Rxb2 51. Rb4 Rf2 52. a4 Kh7 53. Rf4 Rc2 54.
Rb4 Kg6 55. Rc4 Re2+ 56. Kd6 Kxf6 57. Rf4+ Kg6 58. Kc5 Ra2 59. Kb5 f5 60. a5 Kf6
61. a6 Ke5 62. Ra4 Rb2+ 63. Kc6 Rc2+ 64. Kd7 Rg2 65. a7 Rg8 66. a8=Q Rxa8 67.
Rxa8 Kf4 68. Rg8 1-0

[Event "Global Chess League 2023"]
[Site "Dubai UAE"]
[Date "2023.06.26"]
[Round "6.6"]
[White "Sindarov, Javokhir"]
[Black "Bjerre, Jonas Buhl"]
[Result "1-0"]
[WhiteTitle "GM"]
[BlackTitle "GM"]
[WhiteElo "2646"]
[BlackElo "2624"]
[WhiteTeam "Upgrad mumba masters"]
[BlackTeam "Triveni Continental Kings"]
[WhiteFideId "14205483"]
[BlackFideId "1444948"]
[EventDate "2023.06.22"]

1. e4 c5 2. Nf3 d6 3. d4 cxd4 4. Nxd4 Nf6 5. Nc3 a6 6. Bg5 Nbd7 7. Qe2 e6 8.
O-O-O Qc7 9. g4 h6 10. Bd2 b5 11. a3 Rb8 12. f4 b4 13. axb4 Rxb4 14. Be1 Qb6 15.
Nb3 Be7 16. Bf2 Qc7 17. g5 hxg5 18. fxg5 Nh5 19. Qd2 Nc5 20. Nxc5 dxc5 21. g6
fxg6 22. Rg1 O-O 23. Rxg6 Qa5 24. Kb1 Bf6 25. Rxf6 Nxf6 26. e5 Ng4 27. Bg3 Qb6
28. b3 Rd4 29. Bd3 Rfd8 30. Qe2 Qa5 31. Kb2 Qc7 32. Rf1 Nh6 33. Bc4 Qe7 34. Ne4
Rf8 35. Rg1 Bb7 36. Nf6+ Kh8 37. Bf2 Rf4 38. Be3 R4xf6 39. exf6 Qxf6+ 40. Kb1
Nf5 41. Bxc5 Rc8 42. Ba3 Bd5 43. Bb2 Qh4 44. Bd3 Rc7 45. Qe5 Qf2 46. Rf1 Qc5 47.
Rf4 Kg8 48. Rg4 Qd6 49. Qe1 Rf7 50. Rb4 Qxh2 51. Ka2 Qg3 52. Qc3 Qd6 53. Ra4 Bb7
54. Rg4 Qd7 55. Qb4 Ne3 56. Rh4 Nf5 57. Rh3 Qc7 58. Qg4 Qa5+ 59. Ba3 Qd2 60. Qg6
Rf8 61. Qxe6+ 1-0

[Event "Global Chess League 2023"]
[Site "Dubai UAE"]
[Date "2023.06.28"]
[Round "7.1"]
[White "Nepomniachtchi, Ian"]
[Black "Vachier-Lagrave, Maxime"]
[Result "1/2-1/2"]
[WhiteTitle "GM"]
[BlackTitle "GM"]
[WhiteElo "2779"]
[BlackElo "2747"]
[WhiteTeam "Balan Alaskan knights"]
[BlackTeam "Upgrad mumba masters"]
[WhiteFideId "4168119"]
[BlackFideId "623539"]
[EventDate "2023.06.22"]

1. e4 c5 2. Nf3 Nc6 3. Bb5 g6 4. O-O Bg7 5. d3 d6 6. Bxc6+ bxc6 7. e5 Bg4 8.
exd6 exd6 9. Nbd2 Ne7 10. h3 Bxf3 11. Nxf3 O-O 12. c3 Qd7 13. Bg5 Nf5 14. Re1
Rae8 15. Qa4 h6 16. Bf4 Re6 17. Re4 Rb8 18. Qc2 Rbe8 19. Rae1 g5 20. Bd2 Rxe4
21. Rxe4 Rxe4 22. dxe4 Ne7 23. Qa4 Ng6 24. Be3 Qb7 25. Qc2 Qe7 26. Qd3 Qe6 27.
b3 Ne5 28. Nxe5 Qxe5 29. Bd2 d5 30. exd5 cxd5 31. Be3 Bf8 32. g4 a6 33. Kf1 Qe6
34. c4 d4 35. Bd2 Qc6 36. f3 Qc7 37. Kg2 Bd6 38. Be1 Bf4 39. b4 Qe5 40. Bf2 Be3
41. Bg3 Bf4 42. Bf2 Be3 43. Bg3 Bf4 44. Bf2 1/2-1/2